Contingent fees for legal services; (Record no. 185778)
[ view plain ]
| 000 -LEADER | |
|---|---|
| fixed length control field | 01000cam7a220024100 4500 |
| 001 - CONTROL NUMBER | |
| control field | lce00570345 |
| 008 - FIXED-LENGTH DATA ELEMENTS--GENERAL INFORMATION | |
| fixed length control field | 711124s1964 iluk b 000 0 eng |
| 010 ## - LIBRARY OF CONGRESS CONTROL NUMBER | |
| LC control number | 64014912 |
| 035 ## - SYSTEM CONTROL NUMBER | |
| System control number | (Sirsi) r111641 |
| 035 ## - SYSTEM CONTROL NUMBER | |
| System control number | (DLC) 64014912 |
| 035 ## - SYSTEM CONTROL NUMBER | |
| System control number | (UPRA)lce00570345 |
| 043 ## - GEOGRAPHIC AREA CODE | |
| Geographic area code | n-us--- |
| 050 0# - LIBRARY OF CONGRESS CALL NUMBER | |
| Classification number | KF310 |
| Item number | .C6M3 |
| 082 ## - DEWEY DECIMAL CLASSIFICATION NUMBER | |
| Classification number | 340 |
| 100 1# - MAIN ENTRY--PERSONAL NAME | |
| Personal name | MacKinnon, Frederick Benjamin, 1919- |
| Dates associated with a name | MacKinnon, Frederick Benjamin, 1919- |
| Linkage | A72408.1 |
| 245 10 - TITLE STATEMENT | |
| Title | Contingent fees for legal services; |
| Remainder of title | a study of professional economics and responsibilities, |
| Statement of responsibility, etc. | by F. B. MacKinnon. A report of the American Bar Foundation. |
| 260 ## - PUBLICATION, DISTRIBUTION, ETC. | |
| Place of publication, distribution, etc. | Chicago, |
| Name of publisher, distributor, etc. | Aldine Pub. Co. |
| Date of publication, distribution, etc. | [1964] |
| 504 ## - BIBLIOGRAPHY, ETC. NOTE | |
| Bibliography, etc. note | "Selected references": p. 233. Bibliography: p. 234-241. |
| 650 #0 - SUBJECT ADDED ENTRY--TOPICAL TERM | |
| Topical term or geographic name entry element | Lawyers -- United States -- Fees. |
| Geographic subdivision | Lawyers -- United States -- Fees. |
| General subdivision | Lawyers -- United States -- Fees. |
| Linkage | S54189.1 |
| 710 2# - ADDED ENTRY--CORPORATE NAME | |
| Corporate name or jurisdiction name as entry element | American Bar Foundation. |
| Linkage | A40706.1 |
| 949 ## - LOCAL PROCESSING INFORMATION (OCLC) | |
| a | KF310 |
| w | lcc |
| i | 33729001746952 |
| m | MAIN |
| p | 2500 |
| t | BOOK |
| l | ON-SHELF |
No items available.